Giải tích các hàm nhiều biến : Những nguyên lý cơ bản và tính toán thực hành /
Shranjeno v:
| Glavni avtor: | |
|---|---|
| Drugi avtorji: | , |
| Format: | Sách giấy |
| Jezik: | Vietnamese |
| Izdano: |
H. :
Đại học Quốc gia,
2002.
|
| Serija: | Bộ sách toán học cao cấp - Viện Toán học
|
| Teme: | |
| Oznake: |
Označite
Brez oznak, prvi označite!
|
| Thư viện lưu trữ: | Thư viện Trường Đại học Đà Lạt |
|---|
| LEADER | 00968nam a2200325 4500 | ||
|---|---|---|---|
| 001 | DLU030025073 | ||
| 005 | ##20030728 | ||
| 008 | ##030728t vn z000 vie d | ||
| 040 | # | # | |a DLU |b vie |
| 041 | # | # | |a vie |
| 044 | # | # | |a vn |
| 082 | # | # | |a 515.94 |b DI-L |
| 100 | # | # | |a Đinh Thế Lục. |
| 245 | # | # | |a Giải tích các hàm nhiều biến : |b Những nguyên lý cơ bản và tính toán thực hành / |c Đinh Thế Lục, Phạm Huy Điển, Tạ Duy Phượng. |
| 260 | # | # | |a H. : |b Đại học Quốc gia, |c 2002. |
| 300 | # | # | |a 339 tr. ; |c 24 cm |
| 490 | # | # | |a Bộ sách toán học cao cấp - Viện Toán học |
| 653 | # | # | |a Giải tích hàm |
| 653 | # | # | |a Hàm nhiều biến phức |
| 700 | # | # | |a Phạm Huy Điển |
| 700 | # | # | |a Tạ Duy Phượng |
| 992 | # | # | |a 35000 |
| 994 | # | # | |a DLU |
| 900 | # | # | |a True |
| 911 | # | # | |a Nguyễn An Thanh |
| 925 | # | # | |a G |
| 926 | # | # | |a A |
| 927 | # | # | |a SH |
| 980 | # | # | |a Thư viện Trường Đại học Đà Lạt |